000 01116nam a22003017i 4500
003 EG-GICUC
005 20260121101734.0
008 260118s1917 us ||||fr||| 00|1|||eng d
040 _aEG-GiCUC
_cEG-GiCUC
_dEG-GiCUC
_eRda
_beng
041 _aeng
082 0 4 _221
_a341.3073
_bSC . S
092 0 4 _221
099 _aLaw1 11 341.3073 SC . S 1917
100 1 _aScott, James Brown,
_eAuthor.
245 1 2 _aA Survey Of International Relations Between The United States And Germany, August 1, 1914-april 6 1971 :
_bBased On Official Documents /
_cby James Brown Scott.
264 1 _aNew York :
_bOxford University Press,
_c1917
300 _acxiv, 390 pages ;
_c24 cm.
336 _2rda contenu
_a texte
337 _2rda medias
_aOrdinateur
338 _2 transporteur rda
_a Ressource en ligne
504 _aIncludes bibliographical references and index.
546 _aText in English
650 1 4 _aInternational Relations
_xPublic international law
_zUnited States
_zGermany
651 1 _2qrmak
856 4 0 _uhttps://fll.law.cu.edu.eg/fulltext/bks/B11-06512.pdf
905 _a75
942 _2ddc
_cBK
_e21
_n0
999 _c57412
_d57412